|
|
|
|
| LEADER |
00000nab a2200000 a 4500 |
| 001 |
vtls000675764 |
| 003 |
SK-MaSNL |
| 005 |
20260304084304.0 |
| 008 |
250425c1998 xo 0 slo |
| 015 |
|
|
|a SNBRA1998/10-29677
|
| 035 |
|
|
|a CLN000027936
|
| 035 |
|
|
|a urn:nbn:sk:snk-ab1gan
|
| 035 |
|
|
|a (urnnbn)urn:nbn:sk:snk:ar-003ddh
|
| 035 |
|
|
|a (uuid)f1c330bc-ecfb-4bc1-a569-ef322b82d569
|
| 040 |
|
|
|a SNKBUCL
|b slo
|c SNKBUCL
|e AACR2
|
| 041 |
0 |
|
|a hun
|
| 044 |
|
|
|a xo
|c SK
|
| 080 |
|
|
|a 72.071.1
|2 1997
|
| 100 |
1 |
|
|a Koppányi, Miklós
|4 aut
|9 1376494
|
| 245 |
1 |
0 |
|a Alvar Aalto
|c Koppányi Miklós
|
| 300 |
|
|
|b Fotogr.
|
| 600 |
1 |
7 |
|a Aalto, Alvar,
|d 1898-1976
|2 snkbucl
|9 14121
|
| 655 |
|
7 |
|a články z novín a časopisov
|2 snkbucl
|9 267496
|
| 773 |
0 |
|
|t Kalligram
|g Č. 10 (1998), s. 23-24
|x 1335-1826
|
| 850 |
|
|
|a Slovenská národná knižnica
|
| 852 |
|
|
|a Slovenská národná knižnica
|
| 958 |
|
|
|a article27
|
| 958 |
|
|
|a OND
|
| 958 |
|
|
|a FI
|
| 992 |
|
|
|a RBX
|
| 999 |
|
|
|c 2802813
|d 2804743
|